Statistics for Janet Jackson Filmography

Click here to take the quiz!

General Stats

  • This quiz has been taken 24 times
    (12 since last reset)
  • The average score is 19 of 57

Answer Stats

TypeYearName% Correct
TV Show1984-1985Fame
100%
TV Show1980-1984Diff'rent Strokes
80%
Film1993Poetic Justice
80%
Film2007Why Did I Get Married?
80%
Film2010Why Did I Get Married Too?
80%
Film2010For Colored Girls
60%
TV Show1977-1979Good Times
60%
Documentary Mini-Series2022Janet Jackson.
60%
TV Documentary1998Janet Jackson
60%
Commercial1998, 2001, 2008MTV
60%
TV Documentary2001MTV Icon: Janet Jackson
60%
Film2000Nutty Professor II: The Klumps
60%
Commercial1998-1999Pepsi
60%
Commercial1998, 2002HBO
40%
TV Short1989Rhythm Nation 1814
40%
TV Show1994, 2004Saturday Night Live
40%
TV Special2004Super Bowl XXXVIII Halftime Show
40%
TV Show1976-1977The Jacksons
40%
TV Show2009The Jacksons: A Family Dynasty
40%
TV Show1985The Love Boat
40%
TV Show2004Will & Grace
40%
TV Special19871987 Power Hits: New Year's Eve Countdown
20%
TV Show1982, 1984, 1986American Bandstand
20%
TV Show2010American Idol
20%
Commercial2012AmfAR
20%
TV Show1979A New Kind of Family
20%
Commercial2004BET
20%
Commercial2004CBS
20%
TV Show1975Cher
20%
TV Show2021Dancing with the Stars
20%
Film2019Jack Boyz
20%
Commercial2001Jaguar X-Type
20%
Concert Film2008Janet Jackson: 2008 Rock Witchu Tour
20%
TV Special2002Janet Jackson: Live in Hawaii
20%
Commercial1990Japan Airlines
20%
Commercial1993-1994KDDI TU-KA
20%
Commercial2008LOGO
20%
Film1992Malcolm X
20%
TV Special2009Michael Jackson Memorial
20%
Short TV Documentary2009Michael Jackson: Stars Remember the Time
20%
TV Documentary2009Michael Jackson Unmasked
20%
TV Show1983Musikladen
20%
Commercial1984-1985National / Panasonic
20%
Commercial2008Nivea Cosmetics
20%
Commercial2012Nutrisystem
20%
TV Show1990Rockopop
20%
TV Show1986Solid Soul
20%
TV Show2006Star Academy
20%
TV Show1975The Carol Burnett Show
20%
TV Documentary1994The Jackson Family Honors
20%
TV Documentary2018The Last Days of Michael Jackson
20%
Documentary2012The Savoy King: Chick Webb & the Music That Changed America
20%
Commercial2010The Trevor Project
20%
TV Show2009The X Factor UK
20%
TV Show1986-2004Top of the Pops
20%
Commercial2013UNICEF
20%
Commercial1993Virgin Records
20%

Score Distribution

Percentile by Number Answered

Percent of People with Each Score

Your Score History

You have not taken this quiz since the last reset